| 000 | 00610nam a2200241 a 4500 | ||
|---|---|---|---|
| 001 | nice12345678 | ||
| 003 | IN_TiNIC | ||
| 005 | 20260116014246.0 | ||
| 008 | 050524s2002 naga grp 000 0 eng | ||
| 020 |
_a _c90 |
||
| 082 | 0 | 0 |
_a297 _bILY |
| 100 | _aIlyas, Muhammad | ||
| 245 | _aWords and Reflections of Hazrat Maulana Muhammad Ilyas | ||
| 260 |
_aNagpur _bIqra Books _c2002 |
||
| 300 | _a318p | ||
| 500 | _aincludes index and biblioraphy | ||
| 505 | 2 | _aIndex, Quranic Verses | |
| 650 | _aIslam-Meccan Trade | ||
| 700 | 1 | _aIlyas, Muhammad | |
| 902 | _bSRS | ||
| 942 | _cBK | ||
| 999 |
_c14551 _d14551 |
||